[Event "VI Torneo Banco di Roma B"]
[Site "Roma ITA"]
[Date "1982.02.??"]
[Round "7"]
[White "Messa, Roberto"]
[Black "Pangrazzi, Marco"]
[Result "1-0"]
[WhiteElo "2350"]
[BlackElo "2260"]
[PlyCount "67"]
[EventDate "1982.02.20"]

1. e4 c5 2. Nf3 Nc6 3. d4 cxd4 4. Nxd4 Nf6 5. Nc3 e5 6. Ndb5 d6 7. Bg5 a6 8.
Bxf6 gxf6 9. Na3 b5 10. Nd5 f5 11. c3 Bg7 12. Nxb5 axb5 13. Bxb5 Bd7 14. exf5
Nb8 15. Qg4 Kf8 16. Bd3 h5 17. Qf3 Bc6 18. Be4 Nd7 19. O-O Nc5 20. Rfd1 Qh4 21.
Bc2 e4 22. Qe2 Be5 23. g3 Rg8 24. Ne3 Re8 25. Qc4 Bb7 26. b4 Nd3 27. Bxd3 Bxg3
28. hxg3 Rxg3+ 29. fxg3 Qxg3+ 30. Ng2 e3 31. Bf1 Qf2+ 32. Kh2 e2 33. Re1 Re5
34. Rxe2 1-0

[Event "VI Torneo Banco di Roma B"]
[Site "Roma ITA"]
[Date "1982.02.??"]
[Round "7"]
[White "Rigo, Janos"]
[Black "Passerotti, Pierluigi"]
[Result "1-0"]
[WhiteElo "2320"]
[BlackElo "2340"]
[PlyCount "59"]
[EventDate "1982.02.20"]

1. e4 c5 2. Nf3 Nc6 3. d4 cxd4 4. Nxd4 g6 5. Nc3 Bg7 6. Be3 Nf6 7. f3 O-O 8.
Bc4 Qb6 9. O-O Qxb2 10. Nxc6 bxc6 11. Qd3 d5 12. exd5 Bf5 13. Qd2 cxd5 14. Bb3
Ne4 15. fxe4 Bxc3 16. Qxd5 Rad8 17. Qc5 Rc8 18. Qxa7 Ra8 19. Qc5 Rac8 20. Qxe7
Bf6 21. Qb4 Rb8 22. Qd6 Be5 23. Qd3 Rbd8 24. Qe2 Bxe4 25. Rab1 Qc3 26. Bh6 Qd4+
27. Kh1 Bg7 28. Rbd1 Qe5 29. Rxd8 Rxd8 30. Rxf7 1-0

[Event "VI Torneo Banco di Roma B"]
[Site "Roma ITA"]
[Date "1982.02.??"]
[Round "8"]
[White "Iannaccone, Ernesto"]
[Black "Hess, Ralf Ernest"]
[Result "1-0"]
[WhiteElo "2320"]
[BlackElo "2390"]
[PlyCount "59"]
[EventDate "1982.02.20"]

1. d4 Nf6 2. c4 e6 3. Nf3 d5 4. Nc3 Bb4 5. Bg5 h6 6. Bxf6 Qxf6 7. e3 O-O 8. Rc1
dxc4 9. Bxc4 Nc6 10. O-O a6 11. Ne4 Qe7 12. Ne5 Nxe5 13. dxe5 Bd7 14. Qg4 Rfd8
15. f4 Bb5 16. Rf3 Kh8 17. Rg3 Rg8 18. Bxb5 axb5 19. a3 Ba5 20. Qh5 Bb6 21. Nf6
Rgd8 22. Qg4 Qf8 23. Nh5 Rd3 24. Re1 g6 25. Nf6 Rad8 26. Kh1 b4 27. h4 bxa3 28.
bxa3 Qxa3 29. h5 Rxe3 30. Rgxe3 1-0

[Event "VI Torneo Banco di Roma B"]
[Site "Roma ITA"]
[Date "1982.02.??"]
[Round "8"]
[White "Martin Gonzalez, Angel"]
[Black "Messa, Roberto"]
[Result "1/2-1/2"]
[WhiteElo "2380"]
[BlackElo "2350"]
[PlyCount "66"]
[EventDate "1982.02.20"]

1. e4 e6 2. d4 d5 3. Nd2 c5 4. exd5 exd5 5. Bb5+ Nc6 6. Ne2 Bd6 7. dxc5 Bxc5 8.
Nb3 Bb6 9. a4 Qh4 10. O-O Nf6 11. Bf4 a6 12. Bg3 Qh6 13. Bf4 Qh4 14. Bxc6+ bxc6
15. a5 Ba7 16. Nbd4 Bd7 17. Nf3 Qg4 18. h3 Qf5 19. Nfd4 Qg6 20. Ra3 Ne4 21. Be3
O-O 22. Nf3 Bb8 23. Bf4 Bxf4 24. Nxf4 Qf6 25. Nd3 c5 26. b4 c4 27. Nde5 Be6 28.
Qd4 Rfc8 29. c3 Qf4 30. Re1 Rab8 31. Ra2 Qf6 32. Rae2 h6 33. Re3 Nd6 1/2-1/2

[Event "VI Torneo Banco di Roma B"]
[Site "Roma ITA"]
[Date "1982.02.??"]
[Round "8"]
[White "Passerotti, Pierluigi"]
[Black "Pangrazzi, Marco"]
[Result "1-0"]
[WhiteElo "2340"]
[BlackElo "2260"]
[PlyCount "89"]
[EventDate "1982.02.20"]

1. e4 c5 2. Nf3 Nc6 3. d4 cxd4 4. Nxd4 Nf6 5. Nc3 e5 6. Ndb5 d6 7. Bg5 a6 8.
Na3 b5 9. Nd5 Be7 10. Bxf6 Bxf6 11. c3 O-O 12. Nc2 Bg5 13. a4 bxa4 14. Rxa4 a5
15. Bc4 Bd7 16. b3 Kh8 17. O-O f5 18. exf5 Ne7 19. Ra2 Nxf5 20. Qd3 Nh4 21.
Nce3 Bf4 22. Qe4 Qg5 23. f3 Bc6 24. Qd3 e4 25. fxe4 Be5 26. Raf2 Rxf2 27. Rxf2
Ng6 28. g3 Rb8 29. Rf5 Qd8 30. Rf1 Bd7 31. Nf5 Bxf5 32. exf5 Ne7 33. f6 Nxd5
34. fxg7+ Bxg7 35. Bxd5 Qc7 36. Rf3 Re8 37. Kg2 Re7 38. Qa6 Qd8 39. Qd3 Rc7 40.
c4 Be5 41. Rf5 Bg7 42. Rh5 Bf6 43. Qf5 Rg7 44. Rh6 Be7 45. Be4 1-0

[Event "VI Torneo Banco di Roma B"]
[Site "Roma ITA"]
[Date "1982.02.??"]
[Round "8"]
[White "Rigo, Janos"]
[Black "Tassi, Oliviero"]
[Result "1-0"]
[WhiteElo "2320"]
[BlackElo "2205"]
[PlyCount "71"]
[EventDate "1982.02.20"]

1. e4 c5 2. Nf3 d6 3. d4 cxd4 4. Nxd4 Nf6 5. Nc3 a6 6. Be3 e5 7. Nf3 Qc7 8. a4
Be7 9. a5 Bd7 10. Nd2 Bc6 11. Nc4 Nbd7 12. f3 O-O 13. Be2 Rad8 14. O-O Qb8 15.
Qd2 Nc5 16. Nb6 Ne6 17. Ncd5 Bxd5 18. exd5 Nc5 19. b4 Ncd7 20. Na4 Ne8 21. c4
f5 22. Bd3 Rc8 23. Rfc1 g6 24. c5 Ndf6 25. Nb6 Rc7 26. c6 Bd8 27. b5 axb5 28.
cxb7 Rxc1+ 29. Qxc1 Bxb6 30. axb6 Qxb7 31. Qc6 Rf7 32. Bxb5 f4 33. Bf2 e4 34.
Ra7 Qxc6 35. Bxc6 Rf8 36. Bd4 1-0

[Event "VI Torneo Banco di Roma B"]
[Site "Roma ITA"]
[Date "1982.02.??"]
[Round "8"]
[White "Sibilio, Mario"]
[Black "Bouaziz, Slim"]
[Result "1/2-1/2"]
[WhiteElo "2305"]
[BlackElo "2355"]
[PlyCount "37"]
[EventDate "1982.02.20"]

1. d4 Nf6 2. Nf3 g6 3. g3 Bg7 4. Bg2 O-O 5. O-O d6 6. Nc3 Nbd7 7. d5 e5 8. dxe6
fxe6 9. Nd4 Re8 10. e4 e5 11. Nde2 Nc5 12. Be3 Ne6 13. h3 g5 14. Nd5 Rf8 15. c4
Kh8 16. Nxf6 Bxf6 17. Qd2 Rg8 18. Rad1 Qe8 19. g4 1/2-1/2

[Event "VI Torneo Banco di Roma B"]
[Site "Roma ITA"]
[Date "1982.02.??"]
[Round "9"]
[White "Bouaziz, Slim"]
[Black "Iannaccone, Ernesto"]
[Result "1/2-1/2"]
[WhiteElo "2355"]
[BlackElo "2320"]
[PlyCount "27"]
[EventDate "1982.02.20"]

1. e4 e5 2. Nf3 Nc6 3. Bb5 a6 4. Bxc6 dxc6 5. O-O Qd6 6. d3 f6 7. Be3 c5 8.
Nbd2 Be6 9. Nc4 Qc6 10. Nfd2 Ne7 11. a4 a5 12. f4 exf4 13. Bxf4 Ng6 14. Bg3
1/2-1/2

[Event "VI Torneo Banco di Roma B"]
[Site "Roma ITA"]
[Date "1982.02.??"]
[Round "9"]
[White "Hess, Ralf Ernest"]
[Black "Rigo, Janos"]
[Result "1/2-1/2"]
[WhiteElo "2390"]
[BlackElo "2320"]
[PlyCount "36"]
[EventDate "1982.02.20"]

1. d4 e6 2. c4 Nf6 3. Nc3 Bb4 4. e3 c5 5. Bd3 O-O 6. Nf3 d5 7. O-O Nbd7 8. cxd5
exd5 9. a3 Ba5 10. Ne5 cxd4 11. exd4 Bxc3 12. bxc3 Qc7 13. Re1 Qxc3 14. Bg5
Nxe5 15. dxe5 Ne4 16. Bxe4 dxe4 17. Rxe4 Bf5 18. Re3 Qb2 1/2-1/2